Divi hieronymi stridonensis epistolae aliqvot selectae, in usum, & utilitatem adolescentium, qui latinae linguae dant operam. (Record no. 8476)
[ view plain ]
| 000 -CABECERA | |
|---|---|
| campo de control de longitud fija | 00906nam a2200217 a 4500 |
| 001 - NÚMERO DE CONTROL | |
| campo de control | BRCA_8825 |
| 005 - FECHA Y HORA DE LA ÚLTIMA TRANSACCIÓN | |
| campo de control | 20190320210427.0 |
| 008 - DATOS DE LONGITUD FIJA--INFORMACIÓN GENERAL | |
| campo de control de longitud fija | 050517s1716----sp-#######---#000-0#lat-# |
| 041 ## - CÓDIGO DE LENGUA | |
| Código de lengua del texto/banda sonora o título independiente | lat |
| 084 ## - OTRO NÚMERO DE CLASIFICACIÓN | |
| Número de clasificación | BE206 |
| Número de documento/Ítem | .J47 1716 |
| 100 1# - ENTRADA PRINCIPAL--NOMBRE DE PERSONA | |
| Nombre de persona | Jerónimo, Santo |
| Fechas asociadas al nombre | 34? - 420 |
| 9 (RLIN) | 21995 |
| 245 10 - MENCIÓN DE TÍTULO | |
| Título | Divi hieronymi stridonensis epistolae aliqvot selectae, in usum, & utilitatem adolescentium, qui latinae linguae dant operam. |
| 260 ## - PUBLICACIÓN, DISTRIBUCIÓN, ETC. | |
| Lugar de publicación, distribución, etc. | Antuerpiae |
| Nombre del editor, distribuidor, etc. | Apud Hieronymum Verdussen |
| Fecha de publicación, distribución, etc. | 1716 |
| 300 ## - DESCRIPCIÓN FÍSICA | |
| Extensión | [4], 334 p. |
| Dimensiones | 14.7 x 11.1 cm |
| 500 ## - NOTA GENERAL | |
| Nota general | Estado físico: presenta encuadernación en pergamino con cintas rotas, algunas hojas pegadas a la encuadernación, con anotaciones en su interior y portada incompleta |
| 600 14 - PUNTO DE ACCESO ADICIONAL DE MATERIA--NOMBRE DE PERSONA | |
| Nombre de persona | Jeronimo |
| Títulos y otros términos asociados al nombre | Santo |
| Fechas asociadas al nombre | 34? - 420 |
| 9 (RLIN) | 21996 |
| 650 14 - PUNTO DE ACCESO ADICIONAL DE MATERIA--TÉRMINO DE MATERIA | |
| Término de materia o nombre geográfico como elemento de entrada | Correspondencia |
| Subdivisión cronológica | Obras anteriores a 1800 |
| 9 (RLIN) | 21997 |
| 650 14 - PUNTO DE ACCESO ADICIONAL DE MATERIA--TÉRMINO DE MATERIA | |
| Término de materia o nombre geográfico como elemento de entrada | Teología |
| Subdivisión cronológica | Obras anteriores a 1800 |
| 9 (RLIN) | 21998 |
| 902 ## - CATALOGADOR | |
| Iniciales | CFM |
| 942 ## - ELEMENTOS DE PUNTO DE ACCESO ADICIONAL (KOHA) | |
| Fuente del sistema de clasificación o colocación | Library of Congress Classification |
| Tipo de ítem Koha | Libros |
| Estado de retiro | Estado de pérdida | Estado dañado | No para préstamo | Localización permanente | Ubicación/localización actual | Fecha de adquisición | Total de préstamos | Signatura topográfica completa | Código de barras | Fecha visto por última vez | Precio válido a partir de | Tipo de ítem Koha |
|---|---|---|---|---|---|---|---|---|---|---|---|---|
| El ejemplar forma parte de la colección y puede ser consultado según las políticas vigentes. | Biblioteca del Museo Franz Mayer (Rogerio Casas-Alatriste) | Biblioteca del Museo Franz Mayer (Rogerio Casas-Alatriste) | 05/05/2017 | BE206 .J47 1716 | CFM00152 | 22/03/2019 | 22/03/2019 | Libros |